000 00288nam a22001337a 4500
008 181217b xxu||||| |||| 00| 0 eng d
020 _a9780898796582
041 _aeng
080 _a038
100 _a23
101 _aFJA
245 _aSuper Thesaurus
_cMcCutcheon, M
942 _2udc
_cBK
999 _c53270
_d53270